Statistics for Returning Queens on RuPaul's Drag Race

Click here to take the quiz!

General Stats

  • This quiz has been taken 495 times
    (36 since last reset)
  • The average score is 84 of 114

Answer Stats

Answer% Correct
Jujubee
100%
Shannel
100%
Alexis Mateo
96%
Eureka O'Hara
96%
Katya
96%
Latrice Royale
96%
Raja
96%
Raven
96%
Shangela
96%
Trixie Mattel
96%
Vanessa Vanjie Mateo
96%
Yara Sofia
96%
Aja
91%
Alaska
91%
Alyssa Edwards
91%
Detox
91%
Ginger Minj
91%
Jimbo
91%
Manila Luzon
91%
Mimi Imfurst
91%
Phi Phi O'Hara
91%
Roxxxy Andrews
91%
Trinity The Tuck / Taylor
91%
Anita Wigl'it
87%
BeBe Zahara Benet
87%
Chad Michaels
87%
Chi Chi DeVayne
87%
Coco Montrese
87%
India Ferrah
87%
Kennedy Davenport
87%
La Grande Dame
87%
Marina Summers
87%
Monique / Mo Heart
87%
Morgan McMichaels
87%
Pandora Boxx
87%
Ra'Jah O'Hara
87%
Tatianna
87%
Thorgy Thor
87%
Adore Delano
83%
Blu Hydrangea
83%
Gia Gunn
83%
Jan
83%
Mayhem Miller
83%
Monét X Change
83%
Naomi Smalls
83%
Shea Couleé
83%
The Vivienne
83%
Gottmik
78%
Kylie Sonique Love
78%
Silky Nutmeg Ganache
78%
Tammie Brown
78%
Tia Kofi
78%
Yvie Oddly
78%
Baga Chipz
74%
Ben De La Creme
74%
Hannah Conda
74%
Janey Jacké
74%
Jessica Wild
74%
Jinkx Monsoon
74%
Kandy Muse
74%
Lemon
74%
Milk
74%
Nina Flowers
74%
Ongina
74%
Serena ChaCha
74%
Blair St. Clair
70%
Cynthia Lee Fontaine
70%
Darienne Lake
70%
Derrick Barry
70%
Farrah Moan
70%
Gothy Kendoll
70%
Jaida Essence Hall
70%
Jorgeous
70%
Miz Cracker
70%
Scarlet Envy
70%
Valentina
70%
A'Keria C. Davenport
65%
Angeria Paris VanMicheals
65%
Heidi N Closet
65%
Icesis Couture
65%
Jasmine Masters
65%
Mariah Paris Balenciaga
65%
Monica Beverly Hillz
65%
Nina West
65%
Plastique Tiara
65%
Victoria Scone
65%
Choriza May
61%
Drag Sethlas
61%
Kahanna Montrese
61%
Kendall Gender
61%
Keta Minaj
61%
Rita Baga
61%
Alexis Michelle
57%
Arantxa Castilla-La Mancha
57%
Cheryl Hole
57%
Jiggly Caliente
57%
Mrs. Kasha Davis
57%
Jaymes Mansfield
52%
Juriji Der Klee
52%
Lala Ri
52%
Naysha Lopez
52%
Sagittaria
52%
Stephanie Prince
52%
Trinity K. Bonet
52%
Vanity Milan
52%
Jonbers Blonde
48%
Veronica Green
48%
The Macarena
43%
Onyx Unleashed
39%
Samantha Ballentines
39%
Hornella Góngora
35%
Pakita
35%
Pupi Poisson
35%
Pink Chadora
30%

Score Distribution

Percentile by Number Answered

Percent of People with Each Score

Your Score History

You have not taken this quiz since the last reset